| 000 -LEADER |
| fixed length control field |
00775nam a22001697a 4500 |
| 005 - DATE AND TIME OF LATEST TRANSACTION |
| control field |
20241007141039.0 |
| 008 - FIXED-LENGTH DATA ELEMENTS--GENERAL INFORMATION |
| fixed length control field |
230721b ||||| |||| 00| 0 eng d |
| 040 ## - CATALOGING SOURCE |
| Transcribing agency |
SSBUL |
| Modifying agency |
SSBUL |
| 082 ## - DEWEY DECIMAL CLASSIFICATION NUMBER |
| Edition number |
23 |
| Classification number |
၈၉၅.၈၄ ရွှေ |
| Item number |
၁၅၉၈၇(၁) S-SAT |
| 100 0# - MAIN ENTRY--PERSONAL NAME |
| Personal name |
ရွှေဒုံးဘီအောင် |
| 9 (RLIN) |
54920 |
| 245 1# - TITLE STATEMENT |
| Title |
ကိုယ်တော့်ကရုဏာ / |
| Statement of responsibility, etc. |
ရွှေဒုံးဘီအောင်။ |
| 260 ## - PUBLICATION, DISTRIBUTION, ETC. |
| Place of publication, distribution, etc. |
[ရန်ကုန်] ၊ |
| Name of publisher, distributor, etc. |
သွေးသောက်မဂ္ဂဇင်း၊ |
| Date of publication, distribution, etc. |
၁၉၅၃။ |
| 300 ## - PHYSICAL DESCRIPTION |
| Extent |
၁၁၈ စာမျက်နှာ၊ |
| Dimensions |
၁၈ စင်တီ။ |
| 500 ## - GENERAL NOTE |
| General note |
S-SAT: Dr. Sai Aung Tun |
| 650 ## - SUBJECT ADDED ENTRY--TOPICAL TERM |
| Topical term or geographic name entry element |
ဗုဒ္ဓဘာသာ |
| Form subdivision |
ဆောင်းပါး။ |
| 9 (RLIN) |
9185 |
| 942 ## - ADDED ENTRY ELEMENTS (KOHA) |
| Source of classification or shelving scheme |
|
| Koha item type |
Book (Short term) |